| 000 | 01067njm a22003017a 4500 | ||
|---|---|---|---|
| 005 | 20100920123333.0 | ||
| 006 | a|||||r|||||00| 0 | ||
| 007 | sd ammalaaahaa | ||
| 008 | 100913t xxu||||| |||| 00| 0 hin d | ||
| 028 |
_a2675525 _bMusic India |
||
| 035 | _aGR-03924 | ||
| 040 | _aSED/VEN | ||
| 100 |
_aAnup Jalota _91184 |
||
| 245 |
_aBhajan Ganga / _cby Anoop Jalota _h[sound recording] : |
||
| 246 | _aभजन गंगा / अनूप जलोटा | ||
| 260 |
_aDum Dum India _bMusic India _c1981 |
||
| 300 |
_a1 sound disc [Gramophone record] : _banalog, 33 1/3 rpm _c12.5 in. (LP) _fGramophone Record |
||
| 500 | _aBrief Record | ||
| 500 | _aRecord label :Music India, Magenta | ||
| 505 | _aSide 1 (Ish-Vandana) (Anoop JAlota); Side--2 (Janam tera baton hi beet gayo)(Anoop Jalota) | ||
| 600 |
_aMangeskar, lata _919992 |
||
| 650 |
_aBhajans _xExcerpts _zIndia _920525 |
||
| 650 | _920526 | ||
| 700 | _919604 | ||
| 700 | _919605 | ||
| 942 |
_2ddc _cGR |
||
| 999 |
_c46980 _d46980 |
||